[Event "Kesarovski Georgiev Memorial 11th"]
[Site "Sunny Beach"]
[Date "2012.09.09"]
[Round "9"]
[White "Lao, Lenath"]
[Black "Vasileva, Cveta"]
[Result "1-0"]
[WhiteElo "1813"]
[BlackElo "1586"]
[PlyCount "95"]
[EventDate "2012.09.01"]
[EventType "swiss"]
[EventRounds "9"]
[EventCountry "BUL"]
[SourceTitle "CBM 150 Extra"]
[Source "ChessBase"]
[SourceDate "2012.10.19"]
[SourceVersion "1"]
[SourceVersionDate "2012.10.19"]
[SourceQuality "1"]

1. d4 Nf6 2. c4 e6 3. Nf3 Bb4+ 4. Nbd2 0-0 5. e3 d5 6. Bd3 Ne4 7. 0-0 f5 8. Ne5 Qh4 9. Ndf3 Qh5 10. cxd5 Bd6 11. dxe6 Bxe6 12. Qc2 Nf6 13. Bc4 Bxc4 14. Qxc4+ Kh8 15. Bd2 Nbd7 16. Nxd7 Nxd7 17. Bb4 Nb6 18. Qb3 Bxh2+ 19. Nxh2 Rf6 20. Qd1 Qg6 21. Nf3 Nd5 22. Ne5 Qg5 23. Bd2 Qh4 24. g3 Qh3 25. Qf3 c6 26. Qg2 Qh5 27. Qf3 Qh3 28. Qh1 Qxh1+ 29. Kxh1 Kg8 30. Kg2 Re8 31. Rfc1 Rfe6 32. b4 g5 33. f4 gxf4 34. gxf4 Nf6 35. Kf3 R8e7 36. Rg1+ Kh8 37. Rg2 Rg7 38. Rag1 Rxg2 39. Rxg2 Re7 40. Be1 Rg7 41. Bh4 Ne8 42. Rxg7 Kxg7 43. Nc4 Kf7 44. e4 fxe4+ 45. Kxe4 Ke6 46. f5+ Kf7 47. Ne5+ Kf8 48. Be7+ 1-0

[Event "Sunny Beach op 10th"]
[Site "Sunny Beach"]
[Date "2011.09.04"]
[Round "9"]
[White "Ljangov, Petar"]
[Black "Lao, Lenath"]
[Result "1/2-1/2"]
[WhiteElo "2099"]
[BlackElo "1882"]
[PlyCount "93"]
[EventDate "2011.08.27"]
[EventType "swiss"]
[EventRounds "9"]
[EventCountry "BUL"]
[SourceTitle "CBM 144 Extra"]
[Source "ChessBase"]
[SourceDate "2011.10.28"]
[SourceVersion "1"]
[SourceVersionDate "2011.10.28"]
[SourceQuality "1"]

1. e4 c5 2. Nc3 e6 3. g3 b6 4. Bg2 Bb7 5. Nge2 a6 6. a4 Qc7 7. d3 Nf6 8. 0-0 Be7 9. h3 d6 10. Be3 0-0 11. f4 Nbd7 12. g4 d5 13. exd5 Nxd5 14. Nxd5 exd5 15. d4 Nf6 16. Ng3 Rad8 17. Nf5 Ne4 18. Re1 Rfe8 19. Nxe7+ Rxe7 20. c3 Rde8 21. Qf3 c4 22. f5 Bc6 23. Qf4 Qd7 24. a5 b5 25. Bf2 Nxf2 26. Kxf2 h6 27. f6 Rxe1 28. Rxe1 Rxe1 29. Kxe1 Qe6+ 30. Kf2 Qxf6 31. Qxf6 gxf6 32. Ke3 Kg7 33. Kf4 Kg6 34. Bf3 Bb7 35. Bd1 Bc8 36. Bc2+ Kg7 37. Bd1 Be6 38. Bf3 Kg6 39. Bd1 Bc8 40. Bc2+ Kg7 41. Bf5 Be6 42. Bc2 Bc8 43. Bd1 Bd7 44. Bf3 Bc6 45. Kg3 Kg6 46. Kf4 Kg7 47. Bd1 1/2-1/2

[Event "Sunny Beach op 10th"]
[Site "Sunny Beach"]
[Date "2011.08.29"]
[Round "3"]
[White "Vasileva, Cveta"]
[Black "Lao, Lenath"]
[Result "0-1"]
[WhiteElo "1493"]
[BlackElo "1882"]
[PlyCount "126"]
[EventDate "2011.08.27"]
[EventType "swiss"]
[EventRounds "9"]
[EventCountry "BUL"]
[SourceTitle "CBM 144 Extra"]
[Source "ChessBase"]
[SourceDate "2011.10.28"]
[SourceVersion "1"]
[SourceVersionDate "2011.10.28"]
[SourceQuality "1"]

1. d4 Nf6 2. c4 e6 3. Nf3 Bb4+ 4. Bd2 c5 5. Nc3 cxd4 6. Nxd4 a6 7. e3 0-0 8. Bd3 d5 9. cxd5 exd5 10. 0-0 Nc6 11. Nc2 Bd6 12. f4 Re8 13. Be1 Bg4 14. Qd2 Nb4 15. Nxb4 Bxb4 16. Bf2 Ne4 17. Bxe4 dxe4 18. Qxd8 Raxd8 19. h3 Bxc3 20. bxc3 Be2 21. Rfc1 b5 22. a4 Rd2 23. axb5 axb5 24. Be1 Rb2 25. Ra7 Bc4 26. Rd1 h5 27. Bh4 Re2 28. Bf2 Bd3 29. Rda1 Re6 30. Rc7 Bc4 31. Ra8+ Kh7 32. Rxf7 Rd6 33. Rff8 Rd1+ 34. Kh2 Rxf2 35. f5 Rxf5 36. Rxf5 Rd3 37. Rxh5+ Kg6 38. Re5 Rxe3 39. Ra6+ Kh7 40. Rh5+ Kg8 41. Ra8+ Kf7 42. Rc5 Rxc3 43. Rc7+ Kg6 44. Raa7 e3 45. Rxg7+ Kh6 46. Rh7+ Kg6 47. Rhc7 e2 48. Rc6+ Kf5 49. Re7 Rc1 50. g4+ Kf4 51. Rf6+ Kg5 52. Rf5+ Kg6 53. h4 e1Q 54. h5+ Kh6 55. Rf6+ Kg5 56. Rf5+ Kxg4 57. Rxe1 Rxe1 58. Rc5 Re2+ 59. Kg1 Re6 60. Kf2 Rh6 61. Ke3 Rxh5 62. Rxh5 Kxh5 63. Kd4 Kg4 0-1

[Event "Albena op"]
[Site "Albena"]
[Date "2009.06.26"]
[Round "7"]
[White "Lao, Lenath"]
[Black "Kostadinov, Atanas"]
[Result "1-0"]
[WhiteElo "1961"]
[BlackElo "2236"]
[PlyCount "45"]
[EventDate "2009.06.20"]
[EventType "swiss"]
[EventRounds "9"]
[EventCountry "BUL"]
[SourceTitle "CBM 130 Extra"]
[Source "ChessBase"]
[SourceDate "2009.07.02"]
[SourceVersion "2"]
[SourceVersionDate "2009.07.15"]
[SourceQuality "1"]

1. d4 d5 2. Nf3 Nf6 3. c4 e6 4. Nc3 Be7 5. Bg5 h6 6. Bh4 b6 7. e3 Bb7 8. cxd5 exd5 9. Bd3 0-0 10. 0-0 Nbd7 11. Rc1 Rc8 12. Bxf6 Nxf6 13. Ne5 a6 14. Qf3 Bd6 15. Qf5 Re8 16. f4 Ra8 17. Qh3 Bc8 18. Qf3 Bf8 19. g4 Qd6 20. g5 Ne4 21. Nxe4 dxe4 22. Qxe4 Bf5 23. Qxf5 1-0

[Event "Paris Apsap op 103rd"]
[Site "Paris"]
[Date "2008.08.11"]
[Round "2"]
[White "Lao, Lenath"]
[Black "Piankov, Evgenij"]
[Result "0-1"]
[WhiteElo "1997"]
[BlackElo "2337"]
[PlyCount "50"]
[EventDate "2008.08.06"]
[EventType "swiss"]
[EventRounds "9"]
[EventCountry "FRA"]
[SourceTitle "EXT 2010"]
[Source "ChessBase"]
[SourceDate "2010.11.25"]
[SourceVersion "1"]
[SourceVersionDate "2010.11.25"]
[SourceQuality "1"]

1. c4 c6 2. Nf3 d5 3. b3 Nf6 4. Bb2 Bg4 5. e3 e6 6. Be2 Bd6 7. d4 0-0 8. 0-0 Ne4 9. Nc3 f5 10. Ne5 Bxe2 11. Nxe2 Nd7 12. Nxd7 Qxd7 13. Ng3 Nxg3 14. hxg3 b5 15. cxd5 cxd5 16. Rc1 a5 17. Qd3 a4 18. Rc2 axb3 19. Qxb3 Ra4 20. Rfc1 Rb4 21. Qd3 Rc4 22. a4 Rxa4 23. Rc6 Rc4 24. R6xc4 bxc4 25. Qd2 Ra8 0-1

[Event "Kesarovski Georgiev Memorial 5th"]
[Site "Sunny Beach"]
[Date "2006.09.08"]
[Round "7.24"]
[White "Lao, Lenath"]
[Black "Tsekov, Svetozar"]
[Result "0-1"]
[WhiteElo "1931"]
[BlackElo "2186"]
[PlyCount "70"]
[EventDate "2006.09.02"]
[EventType "swiss"]
[EventRounds "9"]
[EventCountry "BUL"]
[SourceTitle "CBM 114 Extra"]
[Source "ChessBase"]
[SourceDate "2006.11.03"]
[SourceVersion "1"]
[SourceVersionDate "2006.11.03"]
[SourceQuality "1"]

1. c4 e5 2. g3 g6 3. Nc3 Bg7 4. Nf3 d6 5. Bg2 Nc6 6. 0-0 f5 7. Rb1 Nf6 8. b4 0-0 9. b5 Ne7 10. Bb2 h6 11. d4 e4 12. Ne1 d5 13. cxd5 Nexd5 14. Nc2 Be6 15. a3 g5 16. Nxd5 Nxd5 17. Ne3 Nb6 18. Qc2 Qd7 19. Rfd1 Qf7 20. Rdc1 Rac8 21. h3 h5 22. Nd1 Ba2 23. Ra1 Bb3 24. Qd2 Nc4 25. Qxg5 Bxd1 26. Rxc4 Bxe2 27. Rc5 b6 28. Rc6 Bxb5 29. Rg6 Be8 30. Rh6 Qb3 31. Bc1 Qd5 32. Be3 Qd8 33. Rxh5 Bxh5 34. Qxh5 c5 35. Rd1 c4 0-1

[Event "Kesarovski Georgiev Memorial 5th"]
[Site "Sunny Beach"]
[Date "2006.09.07"]
[Round "6.35"]
[White "Stankovski, Marin"]
[Black "Lao, Lenath"]
[Result "0-1"]
[WhiteElo "1821"]
[BlackElo "1931"]
[PlyCount "56"]
[EventDate "2006.09.02"]
[EventType "swiss"]
[EventRounds "9"]
[EventCountry "BUL"]
[SourceTitle "CBM 114 Extra"]
[Source "ChessBase"]
[SourceDate "2006.11.03"]
[SourceVersion "1"]
[SourceVersionDate "2006.11.03"]
[SourceQuality "1"]

1. f4 d5 2. Nf3 Nf6 3. g3 g6 4. Bg2 Bg7 5. c3 0-0 6. d3 c5 7. 0-0 Nc6 8. Qe1 d4 9. Bd2 Qb6 10. b3 Be6 11. e4 dxe3 12. Bxe3 Ng4 13. Kh1 Nxe3 14. Qxe3 Rad8 15. Ne5 Nxe5 16. fxe5 Bd5 17. Rd1 Bxg2+ 18. Kxg2 Qc6+ 19. Kg1 Qd5 20. d4 Bxe5 21. Re1 Bd6 22. Nd2 cxd4 23. cxd4 Bb4 24. Re2 e5 25. Ne4 Qxd4 26. Rf1 Qxe3+ 27. Rxe3 f5 28. a3 Be7 0-1